000
00336nam a22001457a 4500
008
210305b ||||| |||| 00| 0 eng d
020
_a
9781934319987
041
_a
eng
080
_2
5th
_a
330.722.6
082
_a
330.722.6
100
_a
62
101
_a
KF
245
_a
Financial Accounting for MBAs
_c
Easton, P.D
942
_2
udc
_c
BK
999
_c
55790
_d
55790